Study on insect diversity and pollination effect on buckwheat (Fagopyrum esculentum) yield / (Record no. 16066)

MARC details
000 -LEADER
fixed length control field 01156nam a22002657a 4500
003 - CONTROL NUMBER IDENTIFIER
control field BD-DhSAU
005 - DATE AND TIME OF LATEST TRANSACTION
control field 20220926164800.0
008 - FIXED-LENGTH DATA ELEMENTS--GENERAL INFORMATION
fixed length control field 150612b2021 bg ad||| m||| 00| 0 eng d
040 ## - CATALOGING SOURCE
Original cataloging agency BD-DhSAU
082 ## - DEWEY DECIMAL CLASSIFICATION NUMBER
Edition number 22
Classification number 595.7
Item number Ak79
100 ## - MAIN ENTRY--PERSONAL NAME
Personal name Akter, Most. Farjana
Relator term Registration no. # 14-06041
245 ## - TITLE STATEMENT
Title Study on insect diversity and pollination effect on buckwheat (Fagopyrum esculentum) yield /
Remainder of title MS thesis
Statement of responsibility, etc. Most. Farjana Akter
260 ## - PUBLICATION, DISTRIBUTION, ETC. (IMPRINT)
Place of publication, distribution, etc. Sher-e-Bangla Agricultural Uniersity :
Name of publisher, distributor, etc. Department of Entomology,
Date of publication, distribution, etc. June, 2021.
300 ## - PHYSICAL DESCRIPTION
Extent ix, 53 p. :
Other physical details ill. ;
Dimensions 30 cm.
500 ## - GENERAL NOTE
General note MS thesis of Department of Entomology, Faculty of Agriculture, Sher-e-Bangla Agricultural University, Dhaka, Bangladesh
504 ## - BIBLIOGRAPHY, ETC. NOTE
Bibliography, etc Includes bibliographical reference.
590 ## - Name of Cataloguer
Name of Cataloger Kobir <br/>
650 ## - SUBJECT ADDED ENTRY--TOPICAL TERM
Topical term or geographic name as entry element Entomology
650 ## - SUBJECT ADDED ENTRY--TOPICAL TERM
Topical term or geographic name as entry element Buckwheat
650 ## - SUBJECT ADDED ENTRY--TOPICAL TERM
Topical term or geographic name as entry element Fagopyrum esculentum
700 ## - ADDED ENTRY--PERSONAL NAME
Personal name Hossain, Mohammed Sakhawat
Relator term Superviser
700 ## - ADDED ENTRY--PERSONAL NAME
Personal name Rahman, S.M. Mizanur
Relator term Co-superviser
856 ## - ELECTRONIC LOCATION AND ACCESS
Uniform Resource Identifier <a href="http://archive.saulibrary.edu.bd:8080/xmlui/handle/123456789/3857">http://archive.saulibrary.edu.bd:8080/xmlui/handle/123456789/3857</a>
942 ## - ADDED ENTRY ELEMENTS (KOHA)
Source of classification or shelving scheme Dewey Decimal Classification
Koha item type MS Level Thesis
Holdings
Withdrawn status Lost status Source of classification or shelving scheme Damaged status Not for loan Collection code Home library Branch Name Shelving location Date acquired Total Checkouts Full call number Barcode Date last seen Price effective from Koha item type
    Dewey Decimal Classification   Not For Loan Reference SAU Library SAU Library Reference 28/06/2022   595.7 Ak79 43548 26/09/2022 26/09/2022 MS Level Thesis